00575nam a22002177a 450000500170000001000110001702000220002803500110005003700170006104000120007808200150009010000190010524500630012426000260018727000330021330000200024650000200026665000390028665000290032570000030035420170124110013.0 a961917 c00.00a9231016334 a961917 bCen Lib/ Ret aDPLbEN a370.2bHOL aHolmes, Brain  aInternational guide to education system /cby Brian Holmes aFrance bUNESCOc1979 bFrance a7 place de fontenoy a288p.c20cm(Hb) aIncludes index  aSchool management and organization aInternational education